000 00726nam a22002297a 4500
005 20140724124907.0
010 _aENG-110068
020 _a9789380607726
_c895.00
035 _aEN-93601
037 _bDBAD/PUB
082 _a338.479154
245 _aContemporary trends in tourism and hospitality management /
_cedited by Ashok Aima, Vinay Chauhan [and] Jaya Bhasin
260 _aDelhi
_bPrimus Books
_c2014
270 _aVirat Bhavan, Mukherjee Nagar Commercial Complex
_bDelhi
_e110009
300 _ax,190p.
_c24cm(Hb)
490 _aJU - PB series
500 _aIncludes index
700 _aAima, Ashok
700 _aChauhan, Vinay
700 _aBhasin, Jaya
942 _2ddc
_cEN
_mCON
_h338.479154
999 _c84485
_d84485